[Event "Budapest FS04 GM-A"]
[Site "Budapest"]
[Date "2002.04.04"]
[Round "3"]
[White "Vajda, Levente"]
[Black "Markus, Robert"]
[Result "1-0"]
[WhiteElo "2539"]
[BlackElo "2477"]
[Annotator "Huzman,A"]
[PlyCount "41"]
[EventDate "2002.04.02"]
[EventType "tourn"]
[EventRounds "13"]
[EventCountry "HUN"]
[EventCategory "9"]
[SourceTitle "CBM 089"]
[Source "ChessBase"]
[SourceDate "2002.08.12"]
[SourceVersion "1"]
[SourceVersionDate "2002.08.12"]
[SourceQuality "1"]

1. e4 d6 2. d4 Nf6 3. Nc3 e5 4. Nf3 Nbd7 5. Bc4 Be7 6. O-O O-O 7. a4 c6 8. Ba2
b6 9. Qe2 Bb7 10. Rd1 Qc7 11. dxe5 dxe5 {Changing pawns on e5 with following
transfer Nf3 to f5 is typical for this kind of position.} 12. Nh4 Bc5 (12...
Nc5 13. Nf5 Ne6 (13... Rad8 14. Bg5 Bc8 15. Qf3 Ne6 16. Be3 g6 17. Bxe6 fxe6
18. Nxe7+ Qxe7 19. Bh6 Rf7 20. Qg3 $16 {1-0 Manik,M-Klemanic,E/Sarospatak 1994/
EXT 99 (50)}) (13... Kh8 14. Bg5 Ne6 15. Bh4 Rfd8 16. Qe3 Ng8 17. Bxe6 fxe6 18.
Nxe7 Nxe7 19. Qg5 Rxd1+ 20. Rxd1 Ng6 21. Bg3 Rf8 22. Qd2 Qf7 23. Qd6 $16 {
1-0 Manik,M-Valach,B/Trencin 1995/EXT 97 (40)}) 14. Bxe6 fxe6 15. Qc4 Kf7 16.
Nb5 Rad8 17. Nfd6+ Rxd6 18. Rxd6 Qc8 19. Nxa7 Qb8 20. Qxe6+ Ke8 21. Rxc6 Qxa7
22. Rc7 Rf7 23. Be3 $18 {1-0 Ivanov,A-Manik,M/Philadelphia 1993/EXT 99 (27)}) (
12... Bb4 13. Nb1 a5 14. c3 Bc5 15. Qf3 Rfd8 16. Nf5 Nf8 17. Re1 Ne8 18. Nd2
Bc8 19. Nb3 Be6 20. Nxc5 Bxa2 21. Rxa2 bxc5 22. Bg5 Rd7 23. Qg4 $14 {1-0
Movsesian,S-Pribyl,J/CZE 1997/EXT 99 (44)}) (12... g6 13. Bh6 Rfd8 14. Qc4 $18)
13. Nf5 g6 14. Nh6+ Kg7 15. Qf3 (15. Qc4 $1 {[%cal Gb2b4,Ga2f7]} a5 16. Nxf7
Ba6 (16... Ng4 17. h3 Bxf2+ (17... Nxf2 18. Bh6+ Kg8 19. Ng5+ Kh8 20. Qg8+ Rxg8
21. Nf7#) 18. Kh1 Ba6 19. Nb5 $1 Bxb5 20. axb5 $18) 17. Bh6+ Kg8 18. Qe6 Rae8
19. Ng5+ Rxe6 20. Nxe6 $18) 15... Ba6 $2 (15... Bd4 $5 16. Ne2 Bxb2 17. Bxb2
Kxh6 18. Rd2 $44) 16. Qh3 $1 {[%mdl 4] White prepares the decisive combination.
} Bd4 17. Nxf7 $1 Rxf7 18. Bh6+ Kg8 19. Qe6 $18 Nd5 20. exd5 Nc5 21. Qxc6 1-0

[Event "Budapest FS04 GM-A"]
[Site "Budapest"]
[Date "2002.04.08"]
[Round "7"]
[White "Nakamura, Hikaru"]
[Black "Kallio, Heikki"]
[Result "0-1"]
[WhiteElo "2466"]
[BlackElo "2502"]
[Annotator "Huzman,A"]
[PlyCount "110"]
[EventDate "2002.04.02"]
[EventType "tourn"]
[EventRounds "13"]
[EventCountry "HUN"]
[EventCategory "9"]
[SourceTitle "CBM 089"]
[Source "ChessBase"]
[SourceDate "2002.08.12"]
[SourceVersion "1"]
[SourceVersionDate "2002.08.12"]
[SourceQuality "1"]

1. e4 d6 2. d4 Nf6 3. Nc3 e5 4. Nf3 Nbd7 5. Bc4 Be7 6. O-O O-O 7. a4 c6 8. a5
Qc7 9. Qe2 h6 10. dxe5 (10. h3 Re8 11. Be3 (11. Bd2 exd4 12. Nxd4 d5 13. Bd3
Bd6 14. Rae1 Be5 15. Nf5 dxe4 16. Nxe4 Nxe4 17. Bxe4 Nf6 $15 {1/2-1/2 De Wit,
J-Cifuentes Parada,R/NED 1994/EXT 98 (31)}) 11... Bf8 12. dxe5 dxe5 13. Nh4 Nc5
14. Qf3 Be6 15. Bxe6 Nxe6 16. Nf5 $36 {1-0 Szalanczy,E-Varga,Z/Harkany 1993/
EXT 97 (40)}) 10... dxe5 11. Nh4 {[%cal Gh4f5,Gh4g6]} Bb4 12. Qf3 b5 (12...
Bxa5 13. Nf5 $40) 13. axb6 Nxb6 14. Bd3 (14. Bb3 $5 Kh7 (14... Bxc3 15. bxc3 c5
16. Bxh6 c4 17. Ba2 Bg4 18. Qg3 $16) 15. Nf5 $36) 14... Kh7 15. Nf5 Ng8 16. Na4
(16. Na2 Be7) (16. Bd2 $5 Be6 $140 17. Nb5 cxb5 18. Bxb4 Rfd8 19. Ne3 $14)
16... Be6 17. b3 Rfe8 18. Bb2 Bf8 19. Ne3 g6 20. Qg3 Nd7 21. Nc4 Bg7 22. Ba3
$16 {[%csl Ra7,Rc6,Rd6]} Ngf6 23. Qe3 (23. Bd6 Qd8 24. Qe3 Nh5 25. g3 $16)
23... Bf8 24. Bb2 (24. Bxf8 $1 Rxf8 25. Nc5 Nxc5 26. Qxc5 Nd7 27. Qa5 $14)
24... h5 25. Rfd1 Bh6 26. Qe1 Rac8 27. Bf1 Bf8 28. f3 Bxc4 $1 29. Bxc4 Nb6 {
Black starts counterplay on the black squares.} 30. Bd3 Nxa4 31. Rxa4 Bc5+ 32.
Kh1 Rcd8 $13 33. Bc1 Kg7 34. Qh4 (34. Qd2 $5) 34... Rd6 35. Rf1 Qd7 36. Rc4 Bb6
37. Be2 Bd8 $1 38. Qg3 Rd4 39. Bb2 h4 $1 40. Qf2 (40. Rxd4 $1 exd4 (40... hxg3
41. Rxd7 Nxd7 42. Rd1 $16) (40... Qxd4 41. Bxd4 hxg3 42. Bxa7 $16) 41. Qf2 c5
42. c3 Bb6 43. cxd4 cxd4 44. Rd1 Rd8 45. Qxh4 Qc7 $44 {[%cal Gd8h8,Yc7c2]})
40... Rxc4 41. Bxc4 Nh5 $1 {It is very difficult to prevent threat 42...Ng3
now.} 42. Ba3 (42. f4 Ng3+ $1 43. hxg3 hxg3 44. Qxg3 Rh8+ 45. Kg1 Bb6+ 46. Rf2
Qd1+ 47. Bf1 Qe1 $19) 42... Ng3+ $1 {[%mdl 64]} 43. hxg3 Bb6 $1 $19 44. gxh4 (
44. Bc5 hxg3 45. Qe3 Rh8+ 46. Kg1 Qe7 $1 47. Bxb6 Rh1+ 48. Kxh1 Qh4+ 49. Kg1
Qh2#) 44... Bxf2 45. Rxf2 Rh8 46. Bc5 Rxh4+ 47. Kg1 Rh8 48. Bd3 Qd8 49. Rf1 a5
50. Ra1 Qg5 51. Rxa5 Qc1+ 52. Bf1 Rd8 53. Ba3 Qe3+ 54. Kh2 Rh8+ 55. Kg3 Qe1+
0-1

[Event "ARG-ch 72nd"]
[Site "Pinamar"]
[Date "2002.03.16"]
[Round "8"]
[White "Zarnicki, Pablo Adrian"]
[Black "Campora, Daniel Hugo"]
[Result "1-0"]
[WhiteElo "2493"]
[BlackElo "2542"]
[Annotator "Huzman,A"]
[PlyCount "71"]
[EventDate "2002.03.11"]
[EventType "tourn"]
[EventRounds "13"]
[EventCountry "ARG"]
[EventCategory "9"]
[SourceTitle "CBM 088"]
[Source "ChessBase"]
[SourceDate "2002.03.21"]
[SourceVersion "1"]
[SourceVersionDate "2002.03.21"]
[SourceQuality "1"]

1. e4 d6 2. d4 Nf6 3. Nc3 e5 4. Nf3 Nbd7 5. Bc4 Be7 6. O-O O-O 7. Re1 c6 8. a4
b6 9. Ba2 a6 10. Bg5 h6 (10... Rb8 11. Qe2 Qc7 12. d5 c5 13. Bc4 Ra8 14. Nh4 g6
15. g3 Qd8 16. f4 exf4 17. gxf4 Nh5 18. Bxe7 Qxe7 19. Ng2 Re8 20. Rad1 f6 21.
Rd3 Qf8 22. Re3 Kh8 23. Rf1 Bb7 {1/2-1/2 Arakhamia Grant,K-Hoffman,A/Sevilla
1994/TD (23)}) (10... Bb7 11. Qd2 (11. dxe5 dxe5 12. Qe2 Qc7 13. Rad1 Rad8 14.
h3 Nc5 15. Rxd8 Rxd8 16. Rd1 h6 17. Bxf6 Bxf6 18. Rxd8+ Qxd8 {1/2-1/2
Summerscale,A-Mortazavi,A/London 1994/EXT 98 (18)}) 11... b5 (11... h6 12. Bxf6
Bxf6 13. Rad1 Qc7 14. dxe5 Nxe5 15. Qxd6 Qxd6 16. Rxd6 Nxf3+ 17. gxf3 Rad8 18.
Red1 Rxd6 19. Rxd6 Rd8 20. Rxd8+ Bxd8 21. f4 $16 {1-0 Sequera,J-Orr,M/Yerevan
1996/EXT 97 (93)}) 12. Rad1 Qc7 13. Nh4 Rfe8 14. Nf5 Nf8 15. Bh6 g6 16. Re3 $36
{1/2-1/2 Velimirovic,D-Bagaturov,G/Panormo 1998/CBM 67 ext (66)}) (10... Qc7
11. Nh4 exd4 12. Nf5 dxc3 13. Nxe7+ Kh8 14. bxc3 Ne5 15. Nxc8 Raxc8 16. f4 Ned7
17. Bc4 Rce8 18. Bd3 Nc5 19. Qf3 Nfd7 20. Bh4 f6 $14 {1-0 Asrian,K-Gelashvili,
T/Yerevan 2000/CBM 78/[Hecht] (51)}) (10... Ne8 11. Be3 Bb7 12. Qd2 Qc7 13.
Rad1 Rd8 14. Ne2 c5 15. dxe5 dxe5 16. Ng3 Ndf6 17. Qc3 Nxe4 18. Nxe4 Rxd1 19.
Rxd1 Bxe4 20. Nxe5 Bf6 21. f4 a5 22. Qb3 $14 {1-0 Shabalov,A-Bono,G/Chicago
1994/EXT 98 (42)}) 11. Be3 {[%cal Gf3h4,Gh4f5,Gh4g6]} (11. Bh4 Nh5 12. Bxe7
Qxe7 $132 {[%cal Yh5f4]}) 11... Ng4 12. Bd2 Bh4 13. g3 Be7 14. h3 (14. Qe2 Bb7
15. Rad1 b5 16. Nxe5 Ngxe5 17. dxe5 Nxe5 18. Qh5 Bc8 19. h3 Be6 $132) 14...
Ngf6 15. Kg2 Re8 16. Qe2 Bb7 17. dxe5 (17. Rad1 exd4 18. Nxd4 Bf8 $132 {
[%csl Re4][%cal Yb7g2]}) 17... Nxe5 (17... dxe5 18. Nh4 $16) 18. Nxe5 dxe5 19.
Rad1 Qc7 20. Qf3 b5 21. g4 $1 {[%cal Gc3e2,Ge2g3,Gg3f5] White has been
cautious not to launch a K-side attack before having fixed the pawn structure
in the centre by exchanging the "d" pawns (d4xe5- d6xe5).} b4 (21... Rad8 22.
h4 (22. Ne2 c5 23. Ng3 c4 $132 {[%csl Ra2]}) 22... Bc8 23. g5 Bg4 24. Qg3 Bxd1
25. gxf6 Bxf6 26. Rxd1 b4 27. Ne2 Rd7 28. Nc1 Qd8 29. Nd3 Bxh4 30. Qg4 $16) 22.
Ne2 c5 23. Ng3 c4 (23... Rad8 24. h4 c4 25. g5 hxg5 26. hxg5 Nh7 27. Rh1 $40
Nxg5 $140 28. Qh5 f6 29. Bxg5 fxg5 30. Rd7 $1 Rxd7 31. Qxe8+ Bf8 32. Qxd7 Qxd7
33. Bxc4+ $18) 24. h4 Nh7 (24... Qc6 $1 {charging the Q with a defensive task
along the 6th line was Black's best chance for survival} 25. g5 hxg5 26. hxg5
Nh7 27. Rh1 (27. Qh5 Rac8 {[%cal Yc6g6]}) 27... Nxg5 28. Bxg5 (28. Qh5 Qh6 29.
Bxg5 Bxg5 30. Bxc4 Qxh5 31. Rxh5 Rad8 $11) 28... Bxg5 29. Qf5 Bh6 30. Rd7 Rf8
31. Bxc4 Qxc4 32. Rxb7 Qxc2 33. Rxh6 gxh6 34. Nh5 Qd2 $1 35. Nf6+ Kg7 36. Nh5+
$11) 25. Nf5 Bf8 $2 (25... a5 26. g5 (26. Ne3 Bxh4 27. Bxc4 Ng5 $19) 26... hxg5
27. Qg4 Qc6 28. hxg5 Rad8 $13) 26. Ne3 $16 Nf6 27. Nxc4 Rad8 28. c3 $1 {
[%csl Rd4]} (28. g5 Nxe4 29. Rxe4 Bxe4 (29... Rd4 30. Rde1) 30. Qxe4 Rd4 31.
Qe2 Rxh4 $132) 28... bxc3 29. bxc3 Qd7 (29... Bc8 30. Ne3 {[%cal Gg4g5]} Qc6
31. g5 $16) 30. g5 Nxe4 (30... Qxa4 31. Ra1 hxg5 32. hxg5 $16) 31. Rxe4 hxg5
32. hxg5 Qxa4 33. g6 $1 (33. Na3 Qd7 $16) 33... Re7 34. Rh1 Bxe4 35. Qxe4 {
/\36.Rh8} fxg6 36. Na3+ 1-0

[Event "CUB-ch"]
[Site "Holguin"]
[Date "2002.04.08"]
[Round "8"]
[White "Bruzon Batista, Lazaro"]
[Black "Alvarez, Jose"]
[Result "1/2-1/2"]
[WhiteElo "2569"]
[BlackElo "2403"]
[Annotator "Huzman,A"]
[PlyCount "59"]
[EventDate "2002.03.31"]
[EventType "tourn"]
[EventRounds "17"]
[EventCountry "CUB"]
[EventCategory "9"]
[SourceTitle "CBM 089"]
[Source "ChessBase"]
[SourceDate "2002.08.12"]
[SourceVersion "1"]
[SourceVersionDate "2002.08.12"]
[SourceQuality "1"]

1. e4 d6 2. d4 Nf6 3. Nc3 e5 4. Nf3 Nbd7 5. Bc4 Be7 6. O-O O-O 7. Re1 c6 8. a4
b6 9. d5 cxd5 10. Nxd5 Bb7 11. b3 Nxd5 12. Bxd5 Bxd5 13. Qxd5 (13. exd5 Bf6 14.
Bb2 e4 15. Bxf6 Nxf6 16. Nd2 Re8 17. Nc4 Qc7 18. Qd4 Rad8 19. Ne3 Qc5 {1/2-1/2
Anderson,B-Briceño,J/IECC 2001/Telechess CBM 87 (19)}) 13... Nf6 (13... Rc8 14.
c4 (14. Qd1 $5) 14... Nc5 15. Rb1 Qc7 16. Be3 Qc6 17. Qxc6 Rxc6 18. Bxc5 $2
bxc5 $1 19. Rbd1 g6 $1 20. Rd3 f5 21. Nd2 Rb6 22. f3 Bg5 23. Rd1 Rfb8 $17 {
0-1 Kargin,A-Maljutin,E/Moscow 1999/CBM 70/[Hansen,LB] (49)}) 14. Qd3 (14. Qd2
$5 Qc7 15. c4 a6 {[%cal Yb6b5]} 16. Ba3 $14) 14... d5 15. Nxe5 (15. exd5 $1 e4
16. Rxe4 Nxe4 17. Qxe4 Bf6 18. Rb1 Re8 19. Qd3 $44 {White has good
compensation. His pawns are strong and lines for the black rooks are closed.})
15... dxe4 16. Qxd8 Bxd8 (16... Rfxd8 17. Nc6 Rd7 18. Bg5 $14) 17. Bb2 (17. a5
$5 b5 (17... bxa5 18. Nc4 Re8 19. Bd2 $14) 18. Nc6 a6 $11 {[%cal Ya8c8]}) 17...
Re8 18. Rad1 Be7 19. Nc4 (19. Nc6 $142 Rac8 (19... Bc5 20. Bxf6 gxf6 21. Rd7
$16) 20. Nxe7+ Rxe7 21. c4 Nd7 22. Ba3 Nc5 $14) 19... Bb4 20. Re2 (20. c3 Bc5 (
20... Bf8 21. Bc1) 21. Bc1 Ng4 $11) 20... Nh5 21. Be5 (21. g3 $1 f5 22. Rd5 g6
23. a5 $36 {<<}) 21... g5 22. g4 $2 (22. g3 f5 23. Rd7 Red8 24. Rc7 Rd5 $132)
22... Nf4 23. Bxf4 gxf4 24. Rd4 f3 $1 {Probably White overlooked this idea.}
25. Rexe4 Bc5 $1 26. Rxe8+ Rxe8 27. Rd1 Re2 $11 28. Ne3 $8 Bxe3 29. fxe3 Rxc2
30. Rd7 1/2-1/2

[Event "RUS Cup final 6th"]
[Site "Nefteyugansk"]
[Date "2002.10.08"]
[Round "3"]
[White "Smirnov, Pavel"]
[Black "Kazakov, Peter"]
[Result "1/2-1/2"]
[WhiteElo "2562"]
[BlackElo "2424"]
[Annotator "Huzman,A"]
[PlyCount "55"]
[EventDate "2002.10.06"]
[EventType "tourn"]
[EventRounds "11"]
[EventCountry "RUS"]
[EventCategory "11"]
[SourceTitle "CBM 092"]
[Source "ChessBase"]
[SourceDate "2003.02.06"]
[SourceVersion "1"]
[SourceVersionDate "2003.02.06"]
[SourceQuality "1"]

1. e4 d6 2. d4 Nf6 3. Nc3 e5 4. Nf3 Nbd7 5. Bc4 Be7 6. O-O O-O 7. Re1 exd4 8.
Nxd4 Nb6 9. Bf1 c5 10. Nf5 (10. Nb3 d5 11. e5 Ne8 12. a4 a5 13. Bd2 Be6 $132 {
0-1 Shomoev,A-Pridorozhni,A/Tomsk RUS 2002/(55)}) (10. Nf3 d5 11. Nxd5 (11. e5
Ne8 12. a4 d4 (12... a5 13. h3 Nc7 14. Bf4 Bd7 15. b3 Bc6 16. Bg3 Ne6 17. Nb5
Bxb5 18. Bxb5 c4 19. Qe2 Qc7 20. Rad1 Bb4 21. Rf1 Qc5 22. h4 Rac8 23. Ng5 Nxg5
24. hxg5 cxb3 25. cxb3 Qc2 26. Qg4 $36 {1-0 Potkin,V-Ovetchkin,R/St Petersburg
RUS 2002/(43)}) 13. Ne4 f5 14. exf6 Nxf6 15. Neg5 h6 16. Ne6 Bxe6 17. Rxe6 Qd7
18. Re1 Bd6 19. c3 dxc3 20. bxc3 Rae8 21. Qb3+ Qf7 22. Qxf7+ Kxf7 23. Rd1 $16 {
1/2-1/2 Nevednichy,V-Georgiev,V/Lido Estensi ITA 2002(59)}) 11... Nfxd5 12.
exd5 Nxd5 13. Re5 (13. Qe2 Be6 14. Qe4 Nb4 15. c3 Nc6 16. Bd3 g6 17. Bc4 Bf5
18. Qe3 $16 Na5 19. Qxe7 Nxc4 20. Qxc5 Qd3 21. Bh6 Rfd8 22. Ne5 Nxe5 23. Qxe5
f6 24. Qxf6 Rd7 25. h3 Rad8 26. Re3 Qd6 27. Qg5 Qa6 28. Rae1 Qxa2 29. Re8+ Rxe8
30. Rxe8+ Kf7 31. Rf8+ Ke6 32. Qf6+ Kd5 33. Qd4+ Kc6 34. Rf6+ Be6 35. Qe4+ Kd6
36. Bf8+ {1-0 Kulaots,K-Lorenz,G/Chemnitz 1998/EXT 99 (36)}) 13... Nf6 14. Qxd8
Bxd8 15. Rxc5 Bb6 16. Re5 Ng4 17. Re2 Bf5 18. h3 Nxf2 19. Be3 Ne4 20. Bxb6 axb6
21. Nh4 Ng3 22. Nxf5 Nxf5 23. Re5 $16 {1-0 Zelcic,R-Biti,O/Ljubljana SLO 2002/
(59)}) (10. Nde2 d5 11. exd5 Nbxd5 12. Nxd5 Nxd5 13. Nf4 Nxf4 14. Bxf4 Be6 15.
Bd3 Qb6 16. Be5 $36 {1-0 Pozzi,E-Vicari,L/Cesenatico 1998/EXT 2000 (40)}) 10...
Bxf5 11. exf5 d5 12. Qf3 d4 (12... h6 13. a4 a6 14. a5 Nc8 15. g3 Qd7 16. Bg2
Rd8 17. h4 b5 18. Rd1 Ra7 19. Nxd5 Nxd5 20. Rxd5 $16 {1-0 Mortensen,B-Shaw,J/
Hastings 1995/CBM 50 ext (43)}) 13. Ne4 ({The final judgement about 12...d4
can not be passed before one has estimated the consequences of the following
variation} 13. Qxb7 $5 dxc3 (13... Re8 14. Ne4 $16) (13... Bd6 14. Ne4 Nxe4 15.
Qxe4 $16) 14. Qxe7 Qc8 15. Qd6 Qxf5 16. Bd3 (16. Qd3 $5 Qxd3 17. cxd3 cxb2 18.
Bxb2 $16) 16... Rfe8 17. Be3 Ne4 18. Bxe4 Rxe4 19. bxc3 Rae8 $44) 13... Qd5 14.
Bg5 Qc6 15. g3 (15. Ba6 Rab8 16. Nxf6+ Bxf6 17. Qxc6 bxc6 18. Bxf6 gxf6 19. Re7
Nd5 $132) (15. Nxf6+ Bxf6 16. Qxc6 bxc6 17. Bxf6 gxf6 $11) (15. Bxf6 $5 {
In my opinion, this is White's best option} Bxf6 16. Nxf6+ Qxf6 (16... gxf6 17.
Re4 $36) 17. Qxb7 Qxf5 18. Bd3 Qg5 $14 {The B on "d3" is obviously superior to
the N on "b6", Black's Q-side pawns are weak, and besides, White controls the
"e" file. All that renders White a clear advantage}) 15... Rfe8 16. Bxf6 Bxf6
17. Nxf6+ gxf6 18. Qg4+ Kh8 19. Bg2 Qd7 $11 20. Qh4 Kg7 21. Qg4+ Kh8 22. Qh5
Nc4 23. g4 Rxe1+ 24. Rxe1 Re8 25. Rxe8+ Qxe8 26. Qh6 Qe1+ 27. Bf1 Kg8 28. Qxf6
(28. Qxf6 Nd2 29. Qg5+ Kf8 30. Qd8+ Kg7 $11) 1/2-1/2

[Event "EU-chT (Men) 15th"]
[Site "Gothenburg"]
[Date "2005.08.03"]
[Round "5.3"]
[White "Tiviakov, Sergei"]
[Black "Fressinet, Laurent"]
[Result "1/2-1/2"]
[WhiteElo "2678"]
[BlackElo "2627"]
[Annotator "Huzman,A"]
[PlyCount "59"]
[EventDate "2005.07.30"]
[EventType "team-swiss"]
[EventRounds "9"]
[EventCountry "SWE"]
[SourceTitle "CBM 109"]
[Source "ChessBase"]
[SourceDate "2005.11.14"]
[SourceVersion "1"]
[SourceVersionDate "2005.11.14"]
[SourceQuality "1"]
[WhiteTeam "Netherlands"]
[BlackTeam "France"]
[WhiteTeamCountry "NED"]
[BlackTeamCountry "FRA"]

1. e4 e5 2. Nf3 d6 3. d4 exd4 4. Nxd4 Nf6 5. Nc3 Be7 6. Be2 O-O 7. O-O Re8 8.
f4 Bf8 9. Bf3 c5 10. Nb3 Nc6 11. Be3 (11. Re1 a5 12. a4 Nb4 (12... d5 13. e5 d4
14. Nb5 Nd7 15. c3 dxc3 16. bxc3 $16 {1-0 Yurtaev,L-Payen,A/Calcutta 2000/CBM
74 ext (31)}) (12... Be6 13. Be3 Nb4 14. Bf2 Qb6 15. Nd2 g6 {1/2-1/2
Ostrovskiy,A-Palekha,A/Serpukhov RUS 2004/(15)}) 13. Nb5 (13. Be3 g6 (13... Bd7
14. Bf2 Bc6 15. Qd2 Qb6 16. Rad1 Rad8 17. Qc1 d5 18. e5 d4 19. Bxc6 Nxc6 20.
exf6 Rxe1+ 21. Rxe1 dxc3 22. bxc3 $14 {1-0 Santo Roman,M-Marcelin,C/FRA 1999/
EXT 2000 (49)}) 14. Bf2 Qb6 15. Nb5 d5 16. e5 Bf5 17. c3 Bc2 18. Qd2 Bxb3 19.
cxb4 axb4 20. Qxb4 Bxa4 21. exf6 Qxb5 22. Qxb5 Bxb5 23. Rxa8 Rxa8 24. Bxd5 Ra4
$11 {1/2-1/2 Tiviakov,S-Fridman,D/Hellevoetsluis NED 2004/CT-1437 (29)}) 13...
Be6 14. c3 Bxb3 15. Qxb3 Nd3 (15... c4 $1) 16. Rd1 Nxc1 17. Raxc1 Nxe4 18. Qc4
Qe7 19. Re1 Nd2 20. Rxe7 Nxc4 21. Rxb7 $16 {1-0 Pavasovic,D-Tratar,M/Bled 2003/
CBM 95 ext (29)}) (11. Kh1 a5 12. a4 Nb4 (12... Qb6 13. Re1 (13. Be3 Be6 14.
Bf2 Nb4 15. Nd2 Rad8 16. f5 Bd7 17. Nc4 Qa6 18. Ne3 Bc6 19. Ned5 Nbxd5 20. exd5
Bd7 21. g4 h6 22. Ra3 Re5 23. h3 Rde8 $11 {1-0 Petrik,T-Scalcione,M/Pula CRO
2003/(35)}) 13... Be6 14. Be3 Rad8 15. Nd5 Bxd5 16. exd5 Nb4 17. c3 Na6 18. Nd2
Nc7 19. Nc4 $16 {1-0 Socko,B-Pakleza,Z/Dzwirzyno 2004/CBM 102 ext (66)}) (12...
Be6 13. Nd5 (13. Be3 Nb4 14. Bf2 (14. Bg1 Qb6 15. Nd2 Rad8 16. f5 Bd7 17. Nc4
Qa6 18. Ne3 Bc6 19. Ned5 Nbxd5 20. exd5 Bd7 21. g4 Re5 22. h3 Rde8 23. Bh2 Re3
24. Bf4 Rxc3 25. bxc3 Qc4 $44 {1/2-1/2 Lupu,M-Kuzmin,G/Cappelle la Grande 1995/
EXT 97 (53)}) 14... Qc8 15. h3 Rd8 16. Qe2 Ra6 17. g4 Re8 18. Rae1 h5 19. f5
Bxb3 20. cxb3 d5 21. e5 hxg4 22. hxg4 d4 23. Qb5 $16 {1/2-1/2 Arizmendi
Martinez,J-Vajda,L/Istanbul TUR 2003/The Week in Chess 449 (57)}) (13. g4 h6
14. Nd5 Rc8 15. Nd2 Nd4 16. Nxf6+ Qxf6 17. Bg2 Qd8 18. Ra3 Bd7 19. Nb1 Bc6 20.
Nc3 $11 {1/2-1/2 Gretarsson,H-Nevednichy,V/Bled 2002/EXT 2003 (82)}) 13... Rc8
14. Bd2 Nb4 15. Nxf6+ Qxf6 16. Nxa5 Qxb2 17. f5 Ba2 18. Qc1 Qxc1 19. Rfxc1 b6
20. Nb3 Bxb3 21. cxb3 Be7 $11 {0-1 Brodsky,M-Kuzmin,G/Pula 1994/EXT 2000 (40)})
13. Nd2 (13. Re1 d5 (13... Be6 14. Nd2 d5 15. Ra3 dxe4 16. Ncxe4 Bf5 $15 {
1-0 Naiditsch,A-Fridman,R/Essen 2002/CBM 90 (39)}) 14. e5 Bf5 15. Re2 d4 16.
Nb5 Nfd5 17. c4 Nb6 18. Bxb7 Qd7 19. Bxa8 Rxa8 20. Nd2 Nc2 21. Ra2 Ne3 $44 {
0-1 Kober,M-Pavasovic,D/Rabac CRO 2003/(32)}) 13... d5 14. g4 dxe4 15. Ncxe4
Nxe4 16. Bxe4 Qh4 $17 {0-1 Zufic,M-Popovic,D/Bosnjaci CRO 2005/(27)}) 11... a5
(11... d5 12. exd5 Rxe3 13. dxc6 Qb6 $44 {Smirin,I-Kuzmin,G/USSR (ch) 1990/Inf
50 (13)}) (11... Bf5 12. exf5 Rxe3 13. Nd5 (13. Qd2 Re8 (13... Rxf3 14. Rxf3 d5
15. Rd1 c4 16. Nd4 Bc5 17. Nce2 Ne4 18. Qc1 Qh4 19. c3 Re8 $44 {0-1 Pap,
M-Sedlak,N/Subotica 2002/CBM 87 ext (48)}) 14. Rad1 (14. g4 c4 15. Nd4 Qb6 16.
Rad1 d5 17. Kh1 Nxd4 18. Qxd4 Bc5 $15 {1/2-1/2 Priborsky,J-Szuhanek,R/Aschach
AUT 2004/(33)}) (14. Kh1 c4 15. Nd4 d5 16. Rad1 Bc5 17. Nxc6 bxc6 $17 {1/2-1/2
Klovans,J-Kazhgaleyev,M/Cappelle la Grande 2002/CBM 86 ext (57)}) 14... c4 15.
Na1 Rc8 16. g4 d5 17. Nxd5 Nxd5 18. Bxd5 Nd4 19. Qg2 Bc5 20. Kh1 Re2 21. Rxd4
Rxg2 22. Bxf7+ Kxf7 23. Rxd8 Rxh2+ 24. Kxh2 Rxd8 $15 {0-1 Manik,M-Sedlak,N/
Biel SUI 2003/(57)}) 13... Nxd5 14. Qxd5 Qb6 15. Nd2 Nb4 16. Qxb7 Qxb7 17. Bxb7
Rb8 18. Be4 d5 $17 {0-1 Hutchison,J-Groves,P/IECG 2003/Telechess CBM 105 (37)})
12. a4 (12. Re1 a4 13. Nd2 Nd4 $15) 12... Nb4 13. Bf2 {[%cal Gf2h4]} (13. Re1
Bd7 14. Bf2 Bc6 15. Bh4 Be7 16. Re2 Qb6 $132 {[%cal Ya8d8,Yd6d5]}) 13... Bd7
14. Bh4 (14. e5 Bf5 (14... dxe5 15. fxe5 Rxe5 16. Bxb7 Ra7 17. Bf3 Qe8 18. Bg3
Re3 19. Qd2 Bf5 20. Rac1 $13) 15. Rc1 dxe5 16. Qxd8 Raxd8 17. fxe5 Rxe5 18.
Bxb7 Bxc2 19. Nxa5 Bd3 $15) 14... Bc6 15. Nd5 (15. Re1 Be7 $11) 15... Nbxd5 16.
exd5 Bd7 17. Nd2 {The space advantage gives White better perspectives.} Be7 18.
Bf2 $1 $14 {White tries to avoid piece exchanges.} (18. Re1 Nxd5 19. Bxe7 Nxe7
20. Nc4 Bc6 21. Bxc6 Nxc6 22. Qxd6 Nd4 $132) 18... b5 19. axb5 (19. g4 $5 Qc8
20. h3 h6 21. axb5 Bxb5 22. Re1 $14) 19... Bxb5 20. Re1 Qc7 21. Ra3 (21. g4 $5
h6 (21... Nd7 22. g5 Bf8 (22... Nf8 23. Ne4 Ng6 24. Bg3 $36) (22... c4 23. Bd4
$14) 23. Rxe8 Rxe8 24. c4 Ba6 25. Qa4 $16) 22. h4 h5 $5 23. gxh5 (23. g5 Ng4
24. Bxg4 hxg4 25. Qxg4 Bd7 26. Qg3 (26. f5 Qc8) 26... Bf5 $44) 23... Bf8 $13)
21... Rab8 22. Rae3 (22. g4 $5) 22... Bf8 23. Bh4 Rxe3 24. Rxe3 Ne8 {The
exchanges made the defence of Black much more easy.} (24... Re8 25. Qe1 Rxe3
26. Qxe3 $14) 25. b3 a4 $1 26. c4 Bd7 27. bxa4 Qa5 $11 28. Ra3 Rb4 29. Be1 Rxa4
30. Rxa4 1/2-1/2